| 000 | 00365nam a2200133Ia 4500 | ||
|---|---|---|---|
| 005 | 20251222144907.0 | ||
| 008 | 251222s9999||||xx |||||||||||||| ||spa|| | ||
| 020 | _a9972-05-0 | ||
| 082 | _a516.24/C28 | ||
| 100 | _aCarmo, Manfredo Perdigao do | ||
| 245 | 0 | _aTrigonometría y Números Complejos | |
| 264 | _bInstituto de Matemática y Ciencias Afines | ||
| 942 | _cLIB | ||
| 999 |
_c22207 _d22207 |
||